LEADER 01503cam2-2200469---4500 001 990003109510203316 005 20120711134944.0 010 $a88-7770-641-4 035 $a000310951 035 $aUSA01000310951 035 $a(ALEPH)000310951USA01 035 $a000310951 100 $a20080521d2004----km-y0itay50------ba 101 0 $aita$aeng$afre 102 $aIT 105 $aa|||z|||001yy 200 1 $aSandro Botticelli$fVittorio Vettori$cSaverio Ungheri$fVittorio Vettori 210 $aRoma$cSpirali/Vel$d2004 215 $a63, 103 p.$cill.$d30 cm 225 2 $a<>arca$iPittura e scrittura$v14 300 $aTesto anche in inglese e francese 300 $aTrad. di Fiona Tupper-Carey, Sébastien Krauer 300 $aPubbl. bifronte 410 0$1001000310895$12001$a<>arca$v, 14 600 1$aBotticelli,$bSandro 600 1$aUngheri,$bSaverio 676 $a759.5 700 1$aVETTORI,$bVittorio$0179561 702 1$aTUPPER-CAREY,$bFiona 702 1$aKRAUER,$bSébastien 801 0$aIT$bsalbc$gISBD 912 $a990003109510203316 951 $aXII.2. Coll. 40/ 14$b208111 L.M.$cXII.2. Coll.$d00166003 959 $aBK 969 $aUMA 979 $aANNAMARIA$b90$c20080521$lUSA01$h0952 979 $aANNAMARIA$b90$c20080521$lUSA01$h1009 979 $aANNAMARIA$b90$c20091030$lUSA01$h0958 979 $aANNAMARIA$b90$c20091030$lUSA01$h1330 979 $aANNAMARIA$b90$c20120711$lUSA01$h1349 996 $aSandro Botticelli$91020640 997 $aUNISA LEADER 01340cam2-2200421---450- 001 990003006180203316 005 20130319130924.0 010 $a0-19-814582-9 035 $a000300618 035 $aUSA01000300618 035 $a(ALEPH)000300618USA01 035 $a000300618 100 $a20071106d1977----km-y0itay50------ba 101 0 $agrc$alat 102 $aGB 105 $ay|||z|||001yy 200 1 $a<<2:>> Enneades IV-V$fediderunt Paul Henry et Hans-Rudolf Schwyzer 210 $aOxonii$ce Typographeo Clarendoniano$d1977 215 $aXXXVI, 302 p.$d20 cm 410 0$1001000300544$aScriptorum classicorum bibliotheca Oxoniensis 461 0$1001000132611$12001$aPlotini opera 540 1 $aEnneades 4.-5. 700 0$aPLOTINUS$0198801 701 1$aSCHWYZER,$bHans-Rudolf$0315384 702 1$aHENRY,$bPaul 801 0$aIT$bsalbc$gISBD 912 $a990003006180203316 951 $aV.1. Coll. 32/ 19/2$b202469 L.M.$cV.1. Coll.$d00064700 951 $aXV.8. Coll. 9/ 16 2$b221923 L.M.$cXV.8. Coll. 959 $aBK 969 $aUMA 969 $aFSO 979 $aANNAMARIA$b90$c20071106$lUSA01$h1404 979 $aANNAMARIA$b90$c20121102$lUSA01$h1440 979 $aANNAMARIA$b90$c20121105$lUSA01$h1442 979 $aANNAMARIA$b90$c20130319$lUSA01$h1309 996 $aEnneades IV-V$91024337 997 $aUNISA